|
|
|
|
| LEADER |
00000cam a22000002c 4500 |
| 001 |
1094248517 |
| 003 |
DE-627 |
| 005 |
20251224220539.0 |
| 007 |
tu |
| 008 |
910522s1975 xx ||||| 00| ||eng c |
| 035 |
|
|
|a (DE-627)1094248517
|
| 035 |
|
|
|a (DE-576)024248517
|
| 035 |
|
|
|a (DE-599)BSZ024248517
|
| 035 |
|
|
|a (OCoLC)01175326
|
| 035 |
|
|
|a (DE-604)8032205082
|
| 040 |
|
|
|a DE-627
|b ger
|c DE-627
|e rakwb
|
| 041 |
|
|
|a eng
|
| 082 |
0 |
|
|a 353.03/2
|
| 084 |
|
|
|a MG 70690
|2 rvk
|0 (DE-625)rvk/122860:12185
|
| 100 |
1 |
|
|a Sorensen, Theodore C.
|d 1928-2010
|0 (DE-588)129982997
|0 (DE-627)486229025
|0 (DE-576)163128685
|4 aut
|
| 109 |
|
|
|a Sorensen, Theodore C. 1928-2010
|a Sorensen, Theodore 1928-2010
|a Sorensen, Theodore Chaiken 1928-2010
|a Sorensen, Theodore Chaikin 1928-2010
|a Chaikin Sorensen, Theodore 1928-2010
|a Sorensen, Ted 1928-2010
|a Sorensen, Teodor 1928-2010
|
| 245 |
1 |
0 |
|a Watchmen in the night
|b presidential accountability after Watergate
|c Theodore C. Sorensen
|
| 264 |
|
1 |
|a Cambridge, Mass. [u.a.]
|b MIT Pr.
|c 1975
|
| 300 |
|
|
|a XVIII, 178 S.
|
| 336 |
|
|
|a Text
|b txt
|2 rdacontent
|
| 337 |
|
|
|a ohne Hilfsmittel zu benutzen
|b n
|2 rdamedia
|
| 338 |
|
|
|a Band
|b nc
|2 rdacarrier
|
| 583 |
1 |
|
|a Archivierung prüfen
|c 20200919
|f DE-640
|z 3
|2 pdager
|
| 583 |
1 |
|
|a Archivierung/Langzeitarchivierung gewährleistet
|f SLG
|x XA-DE-BW
|z BfZ
|2 pdager
|5 DE-24
|
| 689 |
0 |
0 |
|d b
|0 (DE-588)2033432-1
|0 (DE-627)102473455
|0 (DE-576)191847437
|a USA
|b Präsident
|2 gnd
|
| 689 |
0 |
1 |
|d s
|0 (DE-588)4187523-0
|0 (DE-627)105271489
|0 (DE-576)210046392
|a Verantwortlichkeit
|2 gnd
|
| 689 |
0 |
2 |
|d s
|0 (DE-588)4189311-6
|0 (DE-627)105257923
|0 (DE-576)210058854
|a Watergate-Affäre
|2 gnd
|
| 689 |
0 |
|
|5 (DE-627)
|
| 936 |
r |
v |
|a MG 70690
|b Staatsoberhaupt
|k Politologie
|k Politische Systeme einzelner Länder
|k Europa, Nordamerika
|k Nordamerika
|k USA
|k Regierung
|k Staatsoberhaupt
|0 (DE-627)1271470144
|0 (DE-625)rvk/122860:12185
|0 (DE-576)201470144
|
| 951 |
|
|
|a BO
|
| ELC |
|
|
|b 1
|
| LOK |
|
|
|0 000 xxxxxcx a22 zn 4500
|
| LOK |
|
|
|0 001 2164817397
|
| LOK |
|
|
|0 003 DE-627
|
| LOK |
|
|
|0 004 1094248517
|
| LOK |
|
|
|0 005 20020606000000
|
| LOK |
|
|
|0 008 910522||||||||||||||||ger|||||||
|
| LOK |
|
|
|0 040
|a DE-21
|c DE-627
|d DE-21
|
| LOK |
|
|
|0 852
|a DE-21
|
| LOK |
|
|
|0 852 1
|c KB 5 A 846
|9 00
|
| LOK |
|
|
|0 935
|a krim
|
| LOK |
|
|
|0 936ln
|a k10.4.1
|
| LOK |
|
|
|0 939
|a 22-05-91
|b l01
|
| ORI |
|
|
|a SA-MARC-krimdoka001.raw
|
| SIG |
|
|
|a UB: KB 5 A 846
|
| TIM |
|
|
|a 100019720101_100019741231
|b Watergate-Affäre 1972-1974
|